000 00886nam a22002055i 4500
001 169853
003 ES-MaACL
005 20250716063333.0
008 081209s1821 fr |||| | fre d
080 _a821.133.1-2"17"
100 0 _aVoltaire,
_d1694-1778
_9115721
245 1 0 _aRépertoire général du théatre français.
_pThéatre du premier ordre.
_nIII-IV /
_cVoltaire.
260 _aParis :
_bThéodore Dabo,
_c1821.
300 _a2 t. en 1 v. ;
_c13 cm.
490 1 _aRépertoire général du théatre français ;
_v16-17
505 8 _aContiene: T.III ;
_tMérope. La mort de César. Semiramis. Nanine, ou le préjugé vaincu - T.IV ;
_tOreste. L'Orphelin de la Chine. Tancréde
830 0 _aRépertoire général du théatre français ;
_v16-17
_9188906
852 _aES-MaACL
_jE-12320
_z. - Biblioteca Jacinto Martínez Lacalle
999 _c169853
_d169853